000 00325nam a2200121Ia 4500
008 240731s9999 xx 000 0 und d
022 _a1943-0906
245 0 _aInternational Journal of Green Nanotechnology
260 _bTaylor & Francis
856 _uhttps://www.tandfonline.com/loi/ugnj20
942 _2ddc
942 _cTFEJ
999 _c77112
_d77112
945 _a1
_bMadushi Gamage
_c1
_dMadushi Gamage